| 000 | 00687nam a22002177a 4500 | ||
|---|---|---|---|
| 999 |
_c15283 _d15283 |
||
| 003 | AR-CdUCM | ||
| 008 | 190426b ||||| |||| 00| 0 spa d | ||
| 020 | _a978-612-46460-0-3 | ||
| 040 |
_aMUNICIPALIDAD PROVINCIAL DEL CUSCO _cBIBLIOTECA MUNICIPAL DEL CUSCO |
||
| 041 | _hspa | ||
| 082 |
_aEP / 376.12 / _bR77 |
||
| 100 |
_aRojas Zimin, Svetlana _930566 |
||
| 245 | _aABC con incawawitas / | ||
| 260 |
_aLima : _bThe bermudas triangle, _c2013. |
||
| 300 |
_a72 páginas : _bIlustraciones, _c30 cm. |
||
| 650 |
_aPrimera infancia _924660 |
||
| 650 |
_aLibro lectura inicial _934328 |
||
| 650 |
_aDescubre el cuerpo humano _934329 |
||
| 942 |
_2ddc _cLIBROS |
||
| 945 |
_adavv _d26/04/2019 |
||